000 00624nam a2200205Ia 4500
999 _c7227
_d7227
001 8376493
003 OCoLC
005 20190131111131.0
008 820428s1966 mouabd 001 0 eng d
040 _aTBI
_cTBI
_dBSC
082 _a222.1
_bH726P
092 _a222.1
_bH726p
100 1 _aHoldcroft, L. Thomas.
245 1 4 _aThe pentateuch /
_cL. Thomas Holdcroft.
260 _aOakland, CA :
_bWestern Book Co.,
_c1966.
300 _avi, 140 p. :
_bill., maps, charts ;
_c27 cm.
504 _aBibliography: p. 129-130 and appendices: p. 131-138.
630 0 0 _aBible.
_pO.T.
_pPentateuch
_xStudy and teaching.
942 _2ddc
_cBK